Civil Service Professional and Subjprofessional level : (Record no. 5189)

MARC details
000 -LEADER
fixed length control field 00706nam a22001937a 4500
003 - CONTROL NUMBER IDENTIFIER
control field OSt
005 - DATE AND TIME OF LATEST TRANSACTION
control field 20251028012100.0
008 - FIXED-LENGTH DATA ELEMENTS--GENERAL INFORMATION
fixed length control field 251028b |||||||| |||| 00| 0 eng d
020 ## - INTERNATIONAL STANDARD BOOK NUMBER
International Standard Book Number 978-81-7248-518-7
040 ## - CATALOGING SOURCE
Original cataloging agency DWCL - Main Lib
Transcribing agency OC
082 ## - DEWEY DECIMAL CLASSIFICATION NUMBER
Classification number Prof. 351.076 C683c 2023
100 ## - MAIN ENTRY--PERSONAL NAME
Personal name Colas, Ma. Faye M.
245 ## - TITLE STATEMENT
Title Civil Service Professional and Subjprofessional level :
Remainder of title Practice Test /
Statement of responsibility, etc. Ma. Faye M. Colas
260 ## - PUBLICATION, DISTRIBUTION, ETC.
Place of publication, distribution, etc. Tacloban City, Philippines :
Name of publisher, distributor, etc. Brainbox publishing,
Date of publication, distribution, etc. c2023.
300 ## - PHYSICAL DESCRIPTION
Extent vi, 134 pages :
Other physical details illustrations ;
Dimensions 21cm.
650 ## - SUBJECT ADDED ENTRY--TOPICAL TERM
Topical term or geographic name entry element 1. Civil Service Examination -- Philippines
650 ## - SUBJECT ADDED ENTRY--TOPICAL TERM
Topical term or geographic name entry element 2. Civil Service -- Philippines -- Study Guides
942 ## - ADDED ENTRY ELEMENTS (KOHA)
Source of classification or shelving scheme Dewey Decimal Classification
Koha item type Professional Collections
Call number prefix Prof.
Suppress in OPAC No
952 ## - LOCATION AND ITEM INFORMATION (KOHA)
--
Holdings
Withdrawn status Lost status Source of classification or shelving scheme Damaged status Not for loan Home library Current library Date acquired Source of acquisition Cost, normal purchase price Total Checkouts Full call number Barcode Date last seen Copy number Price effective from Koha item type Uniform Resource Identifier
    Dewey Decimal Classification     Junior High School Library Junior High School Library 01/15/2025 School Fund 345.00   Prof. 351.076 C683c 2023 JHS - 21529 10/28/2025 c1 10/28/2025 PROF.